An Introduction to Mathematical Statistics and its Applications/ (Record no. 1428)
[ view plain ]
| 000 -LEADER | |
|---|---|
| fixed length control field | 00627nam a22001817a 4500 |
| 005 - DATE AND TIME OF LATEST TRANSACTION | |
| control field | 20241122124517.0 |
| 008 - FIXED-LENGTH DATA ELEMENTS--GENERAL INFORMATION | |
| fixed length control field | 241122b |||||||| |||| 00| 0 eng d |
| 020 ## - INTERNATIONAL STANDARD BOOK NUMBER | |
| International Standard Book Number | 9780132018135 |
| 050 ## - LIBRARY OF CONGRESS CALL NUMBER | |
| Classification number | QA276 |
| Item number | .L314 |
| 100 ## - MAIN ENTRY--PERSONAL NAME | |
| Personal name | Larsen, Richard J. |
| 245 ## - TITLE STATEMENT | |
| Title | An Introduction to Mathematical Statistics and its Applications/ |
| Statement of responsibility, etc. | Richard J. Larsen & Morris L. Marx |
| 250 ## - EDITION STATEMENT | |
| Edition statement | 4th Ed. |
| Remainder of edition statement | Pearson International Edition |
| 260 ## - PUBLICATION, DISTRIBUTION, ETC. | |
| Place of publication, distribution, etc. | Upper Saddle River, New Jersey |
| Name of publisher, distributor, etc. | Pearson Prentice Hall |
| Date of publication, distribution, etc. | 2006 |
| 300 ## - PHYSICAL DESCRIPTION | |
| Extent | viii.920p. |
| Other physical details | ill. |
| Dimensions | 23.5cm |
| 650 ## - SUBJECT ADDED ENTRY--TOPICAL TERM | |
| Source of heading or term | Mathematical statistics |
| 700 ## - ADDED ENTRY--PERSONAL NAME | |
| Personal name | Marx, Morris L. |
| 942 ## - ADDED ENTRY ELEMENTS (KOHA) | |
| Source of classification or shelving scheme | Library of Congress Classification |
| Koha item type | Books |
| Edition | 4th Ed. |
| Suppress in OPAC | No |
| 999 ## - | |
| -- | 1428 |
| -- | 1428 |
| Withdrawn status | Lost status | Source of classification or shelving scheme | Damaged status | Not for loan | Collection | Home library | Current library | Shelving location | Date acquired | Total checkouts | Full call number | Barcode | Date last seen | Copy number | Price effective from | Koha item type |
|---|---|---|---|---|---|---|---|---|---|---|---|---|---|---|---|---|
| Library of Congress Classification | Non-fiction | Science Library (Miotso) | Science Library (Miotso) | General stacks | 11/22/2024 | QA276 .L314 LAR | SLM00000735 | 11/22/2024 | 1 | 11/22/2024 | Books | |||||
| Library of Congress Classification | Non-fiction | Science Library (Miotso) | Science Library (Miotso) | General stacks | 11/22/2024 | QA276 .L314 LAR | SLM00000736 | 11/22/2024 | 2 | 11/22/2024 | Books | |||||
| Library of Congress Classification | Non-fiction | Science Library (Miotso) | Science Library (Miotso) | General stacks | 11/22/2024 | QA276 .L314 LAR | SLM00000737 | 11/22/2024 | 3 | 11/22/2024 | Books | |||||
| Library of Congress Classification | Non-fiction | Science Library (Miotso) | Science Library (Miotso) | General stacks | 11/22/2024 | QA276 .L314 LAR | SLM00000738 | 11/22/2024 | 4 | 11/22/2024 | Books |